000 00496nam a2200181Ia 4500
005 20250508150826.0
008 008 250505s9999 xx 000 0 eng d
037 _aTextual
040 _aFEDL
_beng
_cFEDL
041 _aeng
_2eng
084 _a744, ROG
_qFEDL
100 _aRogers William W
_9622611
245 0 _aMechanical drawing at work
260 _aNew York, USA
_bSilver Burdett Company
_c1948
300 _a186p.
942 _cTEXL
_h744, ROG
999 _c1325903
_d1325903